000 00275nam a2200109Ia 4500
008 221009s9999 xx 000 0 und d
082 _a615/JOH
100 _aJohari, Harish
_96635
245 0 _aAncient Indian Massage
260 _bMunshiram Manoharlal Publishers
942 _cBK
999 _c64794
_d64794